| Registos Bibliográficos associados ao registo de autoridade |
|
Etiqueta de registo: 00000nkm 2200025 450 001 2257609 003 http://id.bnportugal.gov.pt/bib/catbnp/2257609 100 ## $a20260130f19911996m y0pory01030103ba 101 0# $apor 102 ## $aPT 200 1# $aQuarteto Saxofones Amesterdão, Porto, Ílhavo, Coimbra, Aveiro$bVisual gráfico]$fConservatório de Música de Aveiro Calouste Gulbenkian$gdesign Francisco Vaz da Silva 210 #9 $aAveiro$cConservatório de Música de Aveiro Calouste Gulbenkian,$d[ca 1991-1996]$e[Aveiro] :$gGráfica Aveirense ) 215 ## $a1 cartaz$ccolor.$d62x43,5 cm 306 ## $aDatação em conformidade com a data de oferta e com a referência externa 316 ## $aRasgão no canto inferior direito 317 ## $aColeção Madeira Luís 317 ## $aOferta do Teatro Municipal Rivoli, 1996 321 ## $ahttps://www.teatroaveirense.pt/pt/evento/quarteto-de-saxofones-de-amsterdao-de-volta-ao-palco/
[consult. 2026-05-28] 675 ## $a766(=1:469)"199"(084.5)$vBN$zpor$3589138 702 #1 $aSilva,$bFrancisco Vaz da,$f1957-$4410$31035434 710 02 $aConservatório de Música de Aveiro Calouste Gulbenkian$31982502 801 #0 $aPT$bBN$gRPC 966 ## $lBN$mICONOG$sCT. 18518 A. $x3 971 ## $cCaticonografia7$d20260130 972 ## $d20260528$e1$vtoliveira$z0 995 ## $aPRR2026 $d20260130$iCaticonografia7
|
|
|